| 000 | 00458cam a2200193ua 4500 | ||
|---|---|---|---|
| 020 | _c5.00 | ||
| 041 |
_amal _h |
||
| 082 |
_a894.812803 _bGOP/EN |
||
| 100 | _aGopalan, A.K . | ||
| 245 |
_aEnte Poorvakala smaranakal / _cA.K.Gopalan. _hTextual Documents |
||
| 250 |
_a1 / _b. |
||
| 260 |
_aThrissur : _bCurrent Books , _c1965. |
||
| 300 | _a432 ; . | ||
| 365 | _a5.00 | ||
| 504 | _a | ||
| 942 | _cBK | ||
| 999 |
_c712 _d712 |
||